000 00797nam a22002532 4500
001 21357
003 UkOxU
005 20211209000657.0
008 140304s1950 enkab 000 0 eng d
035 _aBD-RjUL)21421
040 _aDVP
_cDVP
_dEQO
_dBD-RjUL
_beng
041 _aeng
082 0 4 _222
_a 910
_bWIS 1950
090 _aG115
_b.W5 1947
100 1 _aWillis, Margaret Swainson.
_966019
245 1 2 _aA systematic geography of world relations /
_bby Margaret S. Willis.
250 _a4th ed.
260 _aLondon :
_bG. Philip,
_c1950
300 _a304 p. :
_billus. (incl. maps) diagrs. ;
_c23 cm.
500 _aImprint covered by label: Chicago, Denoyer-Geppert Company.
650 0 _aGeography
_vTextbooks
_932655
650 0 _aPhysical geography
_vTextbooks
_932655
942 _2ddc
_cBK
999 _c21357
_d21357